Online
Catalog

Mogen de eilanden zich verheugen : (Record no. 1230)

MARC details
000 -CABECERA
campo de control de longitud fija 00630nam a2200181 a 4500
001 - NÚMERO DE CONTROL
campo de control 000001290
005 - FECHA Y HORA DE LA ÚLTIMA TRANSACCIÓN
campo de control 20250428130105.0
008 - DATOS DE LONGITUD FIJA--INFORMACIÓN GENERAL
campo de control de longitud fija 840106s1969 na a 000 0 dut
040 ## - FUENTE DE LA CATALOGACIÓN
Centro catalogador/agencia de origen DO-SdBNP
Lengua de catalogación spa
Centro/agencia transcriptor BNPHU
041 17 - CÓDIGO DE LENGUA
Código de lengua del texto/banda sonora o título independiente spa
Código de lengua original eng
082 ## - NÚMERO DE LA CLASIFICACIÓN DECIMAL DEWEY
Número de clasificación 280.4
Número de documento/Ítem H334m
100 1# - ENTRADA PRINCIPAL--NOMBRE DE PERSONA
Nombre de persona Hartog, Johannes,
Fechas asociadas al nombre 1912-
9 (RLIN) 4372
245 10 - MENCIÓN DE TÍTULO
Título Mogen de eilanden zich verheugen :
Resto del título geschiedenis van het protestantisme op de Nederlanse Antillen.
260 ## - PUBLICACIÓN, DISTRIBUCIÓN, ETC.
Lugar de publicación, distribución, etc. Willemstad, :
Nombre del editor, distribuidor, etc. Kerkeraad van de Verenigde Protestantse Gemsente van Curacao,
Fecha de publicación, distribución, etc. 1969.
300 ## - DESCRIPCIÓN FÍSICA
Extensión 286 p. :
Otras características físicas il. ;
Dimensiones 23 cm.
650 #4 - PUNTO DE ACCESO ADICIONAL DE MATERIA--TÉRMINO DE MATERIA
Término de materia o nombre geográfico como elemento de entrada Iglesias protestantes
9 (RLIN) 998
650 #0 - PUNTO DE ACCESO ADICIONAL DE MATERIA--TÉRMINO DE MATERIA
Término de materia o nombre geográfico como elemento de entrada Protestantismo
9 (RLIN) 4373
Holdings
Estado de retiro Estado de pérdida Restricciones de uso No para préstamo Código de colección Localización permanente Ubicación/localización actual Ubicación en estantería Fecha de adquisición Número de inventario Total de préstamos Signatura topográfica completa Código de barras Fecha visto por última vez Precio válido a partir de Tipo de ítem Koha
    Préstamo interno   Monografías: Libros y Folletos General General En catalogación 11.09.2009 LF1   280.4 H334m 1290-10 25.06.2020 25.06.2020 Préstamo interno
  Extraviado   Excluido de préstamo Monografías: Libros y Folletos General General Extraviado 29.03.2017 LF1   280.4 H334m 1290-20 25.06.2020 25.06.2020 No se presta

Powered by Koha